<?xml version="1.0" encoding="UTF-8"?>
<record
    xmlns:xsi="http://www.w3.org/2001/XMLSchema-instance"
    xsi:schemaLocation="http://www.loc.gov/MARC21/slim http://www.loc.gov/standards/marcxml/schema/MARC21slim.xsd"
    xmlns="http://www.loc.gov/MARC21/slim">

  <leader>02503cam a2200385 i 4500</leader>
  <datafield tag="999" ind1=" " ind2=" ">
    <subfield code="c">9379</subfield>
    <subfield code="d">9379</subfield>
  </datafield>
  <controlfield tag="001">460060208</controlfield>
  <controlfield tag="003">OCoLC</controlfield>
  <controlfield tag="005">20241126110711.0</controlfield>
  <controlfield tag="008">091215s2010    miua     b    001 0 eng  </controlfield>
  <datafield tag="010" ind1=" " ind2=" ">
    <subfield code="a">2009052484</subfield>
  </datafield>
  <datafield tag="020" ind1=" " ind2=" ">
    <subfield code="a">9780801026621 (pbk.)</subfield>
  </datafield>
  <datafield tag="020" ind1=" " ind2=" ">
    <subfield code="a">0801026628 (pbk.)</subfield>
  </datafield>
  <datafield tag="035" ind1=" " ind2=" ">
    <subfield code="a">(OCoLC)460060208</subfield>
  </datafield>
  <datafield tag="040" ind1=" " ind2=" ">
    <subfield code="a">DLC</subfield>
    <subfield code="b">eng</subfield>
    <subfield code="e">rda</subfield>
    <subfield code="c">DLC</subfield>
    <subfield code="d">BTCTA</subfield>
    <subfield code="d">YDXCP</subfield>
    <subfield code="d">EMT</subfield>
    <subfield code="d">UKM</subfield>
    <subfield code="d">C#P</subfield>
    <subfield code="d">BWX</subfield>
    <subfield code="d">CDX</subfield>
    <subfield code="d">ITC</subfield>
    <subfield code="d">SGB</subfield>
  </datafield>
  <datafield tag="050" ind1="0" ind2="0">
    <subfield code="a">BV2063</subfield>
    <subfield code="b">.O88 2010</subfield>
  </datafield>
  <datafield tag="082" ind1="0" ind2="0">
    <subfield code="a">266.001</subfield>
    <subfield code="2">22</subfield>
    <subfield code="b">OTT</subfield>
  </datafield>
  <datafield tag="092" ind1=" " ind2=" ">
    <subfield code="a">266.001</subfield>
    <subfield code="b">Ot8e</subfield>
  </datafield>
  <datafield tag="100" ind1="1" ind2=" ">
    <subfield code="a">Ott, Craig,</subfield>
    <subfield code="d">1952-</subfield>
    <subfield code="0">https://id.loc.gov/authorities/names/n2006005934</subfield>
    <subfield code="9">41</subfield>
  </datafield>
  <datafield tag="245" ind1="1" ind2="0">
    <subfield code="a">Encountering theology of mission :</subfield>
    <subfield code="b">biblical foundations, historical developments, and contemporary issues /</subfield>
    <subfield code="c">Craig Ott, Stephen J. Strauss ; with Timothy C. Tennent.</subfield>
  </datafield>
  <datafield tag="264" ind1=" " ind2="1">
    <subfield code="a">Grand Rapids, Mich. :</subfield>
    <subfield code="b">Baker Academic,</subfield>
    <subfield code="c">[2010]</subfield>
  </datafield>
  <datafield tag="264" ind1=" " ind2="4">
    <subfield code="c">&#x2117;&#x266D;2010</subfield>
  </datafield>
  <datafield tag="300" ind1=" " ind2=" ">
    <subfield code="a">xxx, 383 pages :</subfield>
    <subfield code="b">illustrations ;</subfield>
    <subfield code="c">23 cm.</subfield>
  </datafield>
  <datafield tag="336" ind1=" " ind2=" ">
    <subfield code="a">text</subfield>
    <subfield code="b">txt</subfield>
    <subfield code="2">rdacontent</subfield>
  </datafield>
  <datafield tag="337" ind1=" " ind2=" ">
    <subfield code="a">unmediated</subfield>
    <subfield code="b">n</subfield>
    <subfield code="2">rdamedia</subfield>
  </datafield>
  <datafield tag="338" ind1=" " ind2=" ">
    <subfield code="a">volume</subfield>
    <subfield code="b">nc</subfield>
    <subfield code="2">rdacarrier</subfield>
  </datafield>
  <datafield tag="490" ind1="1" ind2=" ">
    <subfield code="a">Encountering mission</subfield>
  </datafield>
  <datafield tag="504" ind1=" " ind2=" ">
    <subfield code="a">Includes bibliographical references (p. 339-359) and indexes.</subfield>
  </datafield>
  <datafield tag="505" ind1="0" ind2="0">
    <subfield code="t">Biblical foundations of mission.</subfield>
    <subfield code="t">God and the nations in the Old Testament ;</subfield>
    <subfield code="t">God and the nations in the New Testament ;</subfield>
    <subfield code="t">The justification of mission : missio Dei ;</subfield>
    <subfield code="t">The purpose and nature of mission ;</subfield>
    <subfield code="t">The task of missions : convictions and controversy ;</subfield>
    <subfield code="t">The task of missions : convergence and conclusions --</subfield>
    <subfield code="t">Motives and means for mission.</subfield>
    <subfield code="t">The motivation for missions ;</subfield>
    <subfield code="t">The church and mission ;</subfield>
    <subfield code="t">The missionary vocation ;</subfield>
    <subfield code="t">Spiritual dynamics and mission --</subfield>
    <subfield code="t">Mission in local and global context.</subfield>
    <subfield code="t">Contextualization and mission ;</subfield>
    <subfield code="t">Christian encounter with other religions : toward an evangelical theology of religions ;</subfield>
    <subfield code="t">The necessity of mission : three uncomfortable questions.</subfield>
  </datafield>
  <datafield tag="520" ind1=" " ind2=" ">
    <subfield code="a">The authors discuss biblical theology of mission, provide historical overviews of the development of various viewpoints, and address theologically current issues in global mission from an evangelical perspective. --from publisher description</subfield>
  </datafield>
  <datafield tag="650" ind1=" " ind2="0">
    <subfield code="a">Missions</subfield>
    <subfield code="x">Theory.</subfield>
    <subfield code="0">https://id.loc.gov/authorities/subjects/sh85086053</subfield>
    <subfield code="9">48</subfield>
  </datafield>
  <datafield tag="700" ind1="1" ind2=" ">
    <subfield code="a">Strauss, Stephen J.,</subfield>
    <subfield code="d">1955-</subfield>
    <subfield code="0">https://id.loc.gov/authorities/names/n2009079647</subfield>
    <subfield code="9">16345</subfield>
  </datafield>
  <datafield tag="700" ind1="1" ind2=" ">
    <subfield code="a">Tennent, Timothy C.</subfield>
    <subfield code="0">https://id.loc.gov/authorities/names/no2001011846</subfield>
    <subfield code="9">16346</subfield>
  </datafield>
  <datafield tag="830" ind1=" " ind2="0">
    <subfield code="a">Encountering mission.</subfield>
    <subfield code="0">https://id.loc.gov/authorities/names/n2003105071</subfield>
    <subfield code="9">14363</subfield>
  </datafield>
  <datafield tag="942" ind1=" " ind2=" ">
    <subfield code="2">ddc</subfield>
    <subfield code="c">BK</subfield>
    <subfield code="0">3</subfield>
  </datafield>
  <datafield tag="952" ind1=" " ind2=" ">
    <subfield code="0">0</subfield>
    <subfield code="1">0</subfield>
    <subfield code="2">ddc</subfield>
    <subfield code="4">0</subfield>
    <subfield code="7">0</subfield>
    <subfield code="a">GBC</subfield>
    <subfield code="b">GBC</subfield>
    <subfield code="c">MNMS</subfield>
    <subfield code="d">2022-11-10</subfield>
    <subfield code="l">5</subfield>
    <subfield code="o">266.001 OTT</subfield>
    <subfield code="p">015864</subfield>
    <subfield code="r">2025-08-06 11:17:24</subfield>
    <subfield code="s">2025-08-05</subfield>
    <subfield code="t">c.1</subfield>
    <subfield code="w">2022-11-10</subfield>
    <subfield code="y">BK</subfield>
  </datafield>
</record>
